The Impact of Public Procurement on the Efficiency of Regions

Gespeichert in:
Bibliographische Detailangaben
1. Verfasser: Michňová, Mária, 1996-
Format: Buchkapitel
Sprache:Englisch
Schlagworte:
Tags: Tag hinzufügen
Keine Tags, Fügen Sie das erste Tag hinzu!

MARC

LEADER 00000naa$a2200000$$$4500
001 0286293
005 20240502074414.9
041 0 |a eng 
044 |a SK 
245 1 0 |a The Impact of Public Procurement on the Efficiency of Regions  |c Mária Michňová 
500 |a Abstrakt 
610 2 0 |a obstarávanie verejné 
610 2 0 |a efektívnosť 
610 2 0 |a transparentnosť 
610 2 0 |a regióny 
610 2 0 |a Slovensko 
100 1 |a Michňová, Mária, 1996-